A hands-on course in sensors using the Arduino and Raspberry Pi (Record no. 116037)

MARC details
000 -LEADER
fixed length control field 00269 a2200109 4500
020 ## - INTERNATIONAL STANDARD BOOK NUMBER
International Standard Book Number 9781032791470
100 ## - MAIN ENTRY--PERSONAL NAME
Personal name Volker Ziemann
245 ## - TITLE STATEMENT
Title A hands-on course in sensors using the Arduino and Raspberry Pi
250 ## - EDITION STATEMENT
Edition statement 2nd
260 ## - PUBLICATION, DISTRIBUTION, ETC. (IMPRINT)
Name of publisher, distributor, etc CRC Press
Date of publication, distribution, etc 2024
942 ## - ADDED ENTRY ELEMENTS (KOHA)
Koha item type On order/under processing
Holdings
Withdrawn status Lost status Damaged status Not for loan Home library Current library Date acquired Source of acquisition Cost, normal purchase price Total Checkouts Barcode Date last seen Cost, replacement price Price effective from Koha item type
        University Library University Library 18/03/2026 146 1196.00   00098111 18/03/2026 1495.00 18/03/2026 On order/under processing
University Library, CUSAT